Acoso laboral (mobbing) y liderazgo / (Record no. 200732)

MARC details
000 -CABECERA
campo de control de longitud fija 00601nam a2200205 u 4500
005 - FECHA Y HORA DE LA ÚLTIMA TRANSACCIÓN
campo de control 20240606063659.0
008 - ELEMENTOS DE LONGITUD FIJA--INFORMACIÓN GENERAL
campo de control de longitud fija 190125s2013 mx r 000 0 spa d
020 ## - NÚMERO INTERNACIONAL NORMALIZADO PARA LIBROS
Número Internacional Estándar del Libro 9786077075172
035 ## - NÚMERO DE CONTROL DEL SISTEMA
Número de control de sistema UPN01000228637
049 ## - COLECCIÓN
Colección CG
050 #4 - SIGNATURA TOPOGRÁFICA DE LA BIBLIOTECA DEL CONGRESO
Número de clasificación HF5549.5 E4.3
Número de documento/Ítem G6.2
100 1# - ASIENTO PRINCIPAL--NOMBRE PERSONAL
Nombre de persona González Miers, María del Rocío
9 (RLIN) 40868
245 10 - MENCIÓN DE TÍTULO
Título Acoso laboral (mobbing) y liderazgo /
Mención de responsabilidad, etc. María del Rocío González Miers.
260 ## - PUBLICACIÓN, DISTRIBUCIÓN, ETC.
Lugar de publicación, distribución, etc. México :
Nombre del editor, distribuidor, etc. Alfaomega,
Fecha de publicación, distribución, etc. c2013.
300 ## - DESCRIPCIÓN FÍSICA
Extensión 138 p.
650 #4 - ASIENTO SECUNDARIO DE MATERIA - TERMINO TEMATICO
Término de materia o nombre geográfico como elemento de entrada Acoso en el lugar de trabajo
9 (RLIN) 10707
650 #4 - ASIENTO SECUNDARIO DE MATERIA - TERMINO TEMATICO
Término de materia o nombre geográfico como elemento de entrada Liderazgo
9 (RLIN) 5345
905 ## - TIPO DE MATERIAL
Tipo de material Libro
Holdings
Estado de retiro Estado de pérdida Fuente del sistema de clasificación o colocación Estado dañado No para préstamo Código de colección Localización permanente Ubicación/localización actual Ubicación en estantería Total de préstamos Clasificación Código de barras Fecha visto por última vez Número de copia Tipo de ítem Koha
    Library of Congress Classification     Colección General Bib. Gregorio Torres Quintero Bib. Gregorio Torres Quintero Planta baja   HF5549.5 E4.3 G6.2 328532 31/12/2020 1 Libro
    Library of Congress Classification     Colección General Bib. Gregorio Torres Quintero Bib. Gregorio Torres Quintero Planta baja   HF5549.5 E4.3 G6.2 328533 31/12/2020 1 Libro